000 00346nam a2200145Ia 4500
005 20251222144652.0
008 251222s9999||||xx |||||||||||||| ||spa||
020 _a950-808-293-3
082 _a868.32/S75/Ej.2
100 _aSpiegel, Alejandro
245 0 _aLos Chicos y El Quijote
250 _a2a.ed.
264 _bHomo Sapiens
942 _cLIB
999 _c17093
_d17093